000 00764cam a2200241 a 4500
003 SISC
005 20160322093508.0
008 930108s1992 ph 000 0 eng
050 0 0 _aKPM 1744
_b.N793 1987
082 _aHS 342
_b N72 1987
100 _aNolledo, Jose
_910841
110 1 _aPhilippines.
_9436
245 1 4 _aThe constitution of the republic of the Philippines :
_bwith annotations /
_cJose Nolledo
250 _a1992 rev. ed.
260 _aManila, Philippines :
_bRex Book store,
_cc1987.
300 _a222 p. :
_c22 cm.
650 0 _aConstitutions
_zPhilippines.
_910842
650 0 _aConstitutional law
_zPhilippines.
_910843
700 1 _aNolledo, Jose N.
_9438
710 2 _aNational Book Store.
_910844
942 _2lcc
_cBK
999 _c8715
_d8715